000 00793nam a22002532i 4500
001 77095
003 BD-RjUL
005 20211209082926.0
008 200224r19651964enka 000 0 eng d
035 _aOCLC ocm21262798 from D950420M
035 _a(BD-RjUL)77319
040 _aHCJ
_cHCJ
_dUKM
_dEQO
_dBD-RjUL
_beng
041 _aeng
082 _223
_a813.5
_bCAL 1965
100 1 _aCall, Hughie,
_d1890-1969.
_9151577
245 1 4 _aThe little kingdom /
_cby Hughie Call; with illustrations by Gloria Kamen.
260 _aLondon :
_bGollancz,
_c1965.
300 _a[8], 134 p.:
_b ill. ;
_c23 cm.
500 _aOriginally published, Boston (Mass.), Houghton Mifflin, 1964
650 _aCall, Louise.
_9239734
650 _aRanch life.
_9239735
942 _2ddc
_cBK
999 _c77095
_d77095